[Event "Skakthing Reykjavikur"]
[Site "Reykjavik"]
[Date "2017.01.11"]
[Round "2"]
[White "Birkisson, Bjorn Holm"]
[Black "Kjartansson, Gudmundur"]
[Result "0-1"]
[WhiteElo "1979"]
[BlackElo "2468"]
[PlyCount "100"]
[EventDate "2017.01.08"]
[EventType "swiss"]
[EventRounds "9"]
[EventCountry "ISL"]

1. Nf3 Nf6 2. g3 b5 3. Bg2 Bb7 4. O-O e6 5. b3 Be7 6. Bb2 O-O 7. c4 bxc4 8.
bxc4 c5 9. Nc3 Nc6 10. Rb1 Rb8 11. d3 d6 12. Ba1 Qd7 13. Qa4 Rfc8 14. Rb3 Bd8
15. Rfb1 Bb6 16. e3 h6 17. a3 Qe7 18. R3b2 d5 19. cxd5 exd5 20. Re2 Na5 21.
Ree1 c4 22. Qd1 Qxa3 23. Nb5 Qe7 24. Be5 Ra8 25. Nd6 Rf8 26. Nf5 Qd8 27. N3d4
Re8 28. f4 Bc8 29. Nd6 Bg4 30. Qa4 cxd3 31. Nxe8 Nxe8 32. Nf3 Nc4 33. Bd4 Bxf3
34. Bxf3 Nd2 35. Bg2 Nxb1 36. Rxb1 Bxd4 37. Qxd4 Nf6 38. Qxd3 a5 39. Ra1 a4 40.
h3 Qa5 41. Ra3 Qb4 42. Ra2 a3 43. Bxd5 Rd8 44. e4 Nxd5 45. exd5 Qc5+ 46. Kf1
Rxd5 47. Qxa3 Rd1+ 48. Ke2 Qg1 49. Kf3 f5 50. Rf2 Qh1+ 0-1

[Event "Skakthing Reykjavikur"]
[Site "Reykjavik"]
[Date "2017.01.11"]
[Round "2"]
[White "Thorfinnsson, Bjorn"]
[Black "Jonsson, Gauti Pall"]
[Result "1-0"]
[WhiteElo "2404"]
[BlackElo "2036"]
[PlyCount "51"]
[EventDate "2017.01.08"]
[EventType "swiss"]
[EventRounds "9"]
[EventCountry "ISL"]

1. d4 e6 2. c4 f5 3. g3 Nf6 4. Bg2 Be7 5. Nh3 O-O 6. O-O d6 7. Qb3 c6 8. Nc3
Qb6 9. Na4 Qxd4 10. Rd1 Qe5 11. Bf4 Qa5 12. Bxd6 Bxd6 13. Rxd6 Na6 14. Rad1 Nc5
15. Nxc5 Qxc5 16. Ng5 e5 17. Rd8 h6 18. Rxf8+ Kxf8 19. Rd8+ Ke7 20. Rxc8 Rxc8
21. Qxb7+ Kd6 22. Qxc8 Qxc4 23. Qb8+ Kc5 24. Qxa7+ Kb5 25. Bf1 Qc1 26. e3+ 1-0

[Event "Skakthing Reykjavikur"]
[Site "?"]
[Date "2017.01.11"]
[Round "2"]
[White "Fivelstad, Jon Olav"]
[Black "Gislason, Gudmundur"]
[Result "0-1"]
[WhiteElo "1920"]
[BlackElo "2332"]
[PlyCount "46"]

1. e4 c5 2. Nf3 e6 3. d4 cxd4 4. Nxd4 a6 5. Bd3 Qc7 6. O-O Nf6 7. a4 h5 8. Nc3
Ng4 9. Nf3 Bc5 10. Bg5 Nc6 11. Bh4 Bd6 12. h3 Bc5 13. Re1 g5 14. e5 gxh4 15.
hxg4 hxg4 16. Ne4 gxf3 17. Nd6+ Bxd6 18. exd6 Qxd6 19. Qxf3 h3 20. g3 h2+ 21.
Kh1 b6 22. Be4 Bb7 23. Rad1 Qe7 0-1

[Event "Skakthing Reykjavikur"]
[Site "?"]
[Date "2017.01.11"]
[Round "2"]
[White "Ragnarsson, Dagur"]
[Black "Mai, Aron Thor"]
[Result "1-0"]
[WhiteElo "2276"]
[BlackElo "1965"]
[PlyCount "67"]

1. d4 Nf6 2. Nf3 g6 3. g3 Bg7 4. Bg2 O-O 5. O-O d6 6. c4 c5 7. Nc3 Nc6 8. dxc5
dxc5 9. Be3 Qa5 10. Qc1 Be6 11. Nd2 Nd7 12. Nb3 Qb4 13. Nd5 Bxd5 14. cxd5 Nd4
15. Bxd4 cxd4 16. Qc7 Rfd8 17. Rac1 Ne5 18. Rfd1 d3 19. exd3 Rd7 20. Qc2 Qg4
21. Nd2 Qh5 22. h3 f5 23. d4 Nf7 24. Qa4 Rd6 25. Nc4 Rdd8 26. Qb3 Rab8 27. d6
exd6 28. Bd5 g5 29. Ne3 Rd7 30. Be6 Re7 31. Nxf5 Rxe6 32. Qxe6 Qf3 33. Re1 Bf8
34. Rc7 1-0

[Event "Skakthing Reykjavikur"]
[Site "?"]
[Date "2017.01.11"]
[Round "2"]
[White "Jonsson, Olafur Gisli"]
[Black "Johannesson, Orn Leo"]
[Result "0-1"]
[WhiteElo "1865"]
[BlackElo "2212"]
[PlyCount "74"]

1. e4 e6 2. d4 d5 3. Nc3 Bb4 4. e5 Ne7 5. a3 Bxc3+ 6. bxc3 b6 7. Nf3 Ba6 8.
Bxa6 Nxa6 9. O-O Nb8 10. Qd3 Nbc6 11. c4 Na5 12. cxd5 Qxd5 13. Rb1 Nec6 14. Be3
Rd8 15. Rfd1 Nc4 16. a4 N6a5 17. Rb5 Qc6 18. Qe2 Na3 19. d5 Qxc2 20. Qxc2 Nxc2
21. Rc1 Na3 22. Rxa5 bxa5 23. Bc5 Rxd5 24. Bxa3 Kd7 25. h3 Rb8 26. Bc5 a6 27.
Be3 h6 28. Rc4 Rb4 29. Rg4 Rxg4 30. hxg4 Rd1+ 31. Kh2 Ra1 32. g5 h5 33. Nd2
Rxa4 34. Nb3 Ra3 35. Nc5+ Kc6 36. Nxa6 Rb3 37. Nc5 Rxe3 0-1

[Event "Skakthing Reykjavikur"]
[Site "Reykjavik"]
[Date "2017.01.11"]
[Round "2"]
[White "Ptacnikova, Lenka"]
[Black "Eliasson, Kristjan Orn"]
[Result "1-0"]
[WhiteElo "2210"]
[BlackElo "1900"]
[PlyCount "109"]
[EventDate "2017.01.08"]
[EventType "swiss"]
[EventRounds "9"]
[EventCountry "ISL"]

1. Nf3 d6 2. g3 Nf6 3. Bg2 g6 4. c4 Bg7 5. Nc3 O-O 6. O-O c6 7. d4 Nbd7 8. e4
Qc7 9. h3 e5 10. Be3 h6 11. Qd2 Kh7 12. b3 Ne8 13. Rac1 Ndf6 14. Rfd1 Qe7 15.
b4 Nd7 16. dxe5 dxe5 17. c5 Ndf6 18. a4 g5 19. Qd8 Ng8 20. b5 Bf6 21. Qxe7 Nxe7
22. Nd2 Be6 23. Bf1 h5 24. Nc4 Ng6 25. Na5 cxb5 26. axb5 Rb8 27. Nd5 Bd8 28.
Nc4 f6 29. c6 b6 30. Ra1 Rf7 31. Rd2 h4 32. g4 Nf4 33. Bxf4 gxf4 34. Rda2 Ra8
35. Ra4 Kg6 36. Ncxb6 Rb8 37. Nc4 Bb6 38. Ncxb6 axb6 39. Ra6 Bxd5 40. exd5 Nd6
41. Ra8 Rff8 42. Rxb8 Rxb8 43. Ra7 Rd8 44. Re7 f3 45. Bd3+ Kg5 46. Re6 e4 47.
Rxe4 Nxe4 48. Bxe4 Kf4 49. c7 Ra8 50. d6 Ra1+ 51. Kh2 Ra2 52. Bxf3 Kxf3 53.
c8=Q Rxf2+ 54. Kg1 Rg2+ 55. Kh1 1-0

[Event "Skakthing Reykjavikur"]
[Site "Reykjavik"]
[Date "2017.01.11"]
[Round "2"]
[White "Mai, Alexander Oliver"]
[Black "Jonasson, Benedikt"]
[Result "0-1"]
[WhiteElo "1837"]
[BlackElo "2208"]
[PlyCount "74"]
[EventDate "2017.01.08"]
[EventType "swiss"]
[EventRounds "9"]
[EventCountry "ISL"]

1. d4 Nf6 2. Bf4 g6 3. Nc3 Bg7 4. e4 d6 5. Qd2 O-O 6. O-O-O c6 7. h4 b5 8. f3
Qc7 9. g4 Re8 10. h5 e5 11. dxe5 dxe5 12. Bh6 Bh8 13. hxg6 fxg6 14. g5 Nh5 15.
Nxb5 cxb5 16. Bxb5 Nc6 17. Qd5+ Re6 18. Bxc6 Qxc6 19. Qxc6 Rxc6 20. Rd8+ Kf7
21. Rxh8 Ke6 22. Rxh7 Ba6 23. Rh2 Rd6 24. Rd2 Rxd2 25. Kxd2 Nf4 26. Rc7 Bb5 27.
Rc5 Rd8+ 28. Ke3 Rd1 29. Rxb5 Rxg1 30. Bg7 Rxg5 31. Ra5 Nh5 32. Ra6+ Kf7 33.
Rxa7+ Kg8 34. Bh6 Rg2 35. Rc7 g5 36. b4 Nf4 37. Rg7+ Kh8 0-1

[Event "Skakthing Reykjavikur"]
[Site "Reykjavik"]
[Date "2017.01.11"]
[Round "2"]
[White "Omarsson, Dadi"]
[Black "Antonsson, Atli"]
[Result "1-0"]
[WhiteElo "2197"]
[BlackElo "1857"]
[PlyCount "51"]
[EventDate "2017.01.08"]
[EventType "swiss"]
[EventRounds "9"]
[EventCountry "ISL"]

1. e4 e6 2. d4 d5 3. Nd2 Nc6 4. Ngf3 Nf6 5. e5 Nd7 6. Be2 f6 7. exf6 Qxf6 8.
Nf1 Bd6 9. Ne3 O-O 10. O-O Nb6 11. Ng4 Qe7 12. Re1 e5 13. Ngxe5 Nxe5 14. dxe5
Bc5 15. c3 a5 16. h3 Be6 17. Bd3 Bf5 18. Nd4 Bxd3 19. Qxd3 Qh4 20. Be3 Bxd4 21.
Bxd4 Nd7 22. Qb5 Nb6 23. Bxb6 cxb6 24. Qxd5+ Kh8 25. Qd4 Qg5 26. Qxb6 1-0

[Event "Skakthing Reykjavikur"]
[Site "Reykjavik"]
[Date "2017.01.11"]
[Round "2"]
[White "Haraldsson, Sigurjon"]
[Black "Olafsson, Thorvadur F"]
[Result "1/2-1/2"]
[WhiteElo "1784"]
[BlackElo "2185"]
[PlyCount "75"]
[EventDate "2017.01.08"]
[EventType "swiss"]
[EventRounds "9"]
[EventCountry "ISL"]

1. e4 c5 2. c3 Nf6 3. e5 Nd5 4. d4 cxd4 5. Nf3 e6 6. cxd4 Nc6 7. Be2 d6 8. exd6
Bxd6 9. O-O O-O 10. Nc3 Nxc3 11. bxc3 e5 12. Be3 exd4 13. Nxd4 Ne5 14. Qb3 Qh4
15. g3 Qe4 16. Qc2 Qxc2 17. Nxc2 Be6 18. Nd4 Bc4 19. Rfd1 Bc5 20. Bxc4 Nxc4 21.
Bf4 Rfd8 22. Nb3 Bb6 23. Kg2 Nb2 24. Rd2 Rxd2 25. Bxd2 Rd8 26. Rb1 Nc4 27. Bf4
f6 28. h4 Kf7 29. a4 Rd5 30. g4 g5 31. hxg5 fxg5 32. Bg3 Rd3 33. a5 Bxa5 34.
Nc5 Rd5 35. Rxb7+ Kg6 36. Nd7 Bxc3 37. Nf8+ Kf6 38. Nxh7+ 1/2-1/2

[Event "Skakthing Reykjavikur"]
[Site "Reykjavik"]
[Date "2017.01.11"]
[Round "2"]
[White "Viglundsson, Bjorgvin"]
[Black "Briem, Stephan"]
[Result "1-0"]
[WhiteElo "2185"]
[BlackElo "1803"]
[PlyCount "101"]
[EventDate "2017.01.08"]
[EventType "swiss"]
[EventRounds "9"]
[EventCountry "ISL"]

1. Nf3 Nf6 2. g3 d5 3. Bg2 Bg4 4. O-O e6 5. h3 Bh5 6. d3 Be7 7. Nbd2 c5 8. c4
Qc7 9. cxd5 exd5 10. e4 Nc6 11. Re1 dxe4 12. dxe4 O-O 13. a3 Rad8 14. Qc2 Rfe8
15. Nb3 Bxf3 16. Bxf3 Ne5 17. Be2 Bf8 18. Bf4 Qc6 19. Na5 Qc8 20. Kg2 Ng6 21.
Bg5 b6 22. Nc4 Qe6 23. Bg4 Qc6 24. Bf3 Qe6 25. e5 Nd5 26. Bxd8 Rxd8 27. Bxd5
Rxd5 28. f4 Rd4 29. Ne3 f6 30. exf6 Bd6 31. Qf5 Rd2+ 32. Kg1 Qb3 33. Nf1 Bf8
34. Qe6+ Qxe6 35. Rxe6 Rxb2 36. f5 Nh8 37. Rd1 Nf7 38. Ne3 Ng5 39. Rd8 Nf3+ 40.
Kf1 Nh2+ 41. Ke1 Nf3+ 42. Kd1 Nd4 43. Ree8 Rb1+ 44. Kd2 Rb2+ 45. Kd3 Rb3+ 46.
Ke4 gxf6 47. Rxf8+ Kg7 48. Rfe8 Rxa3 49. Re7+ Kh6 50. Ng4+ Kg5 51. Rg8+ 1-0

[Event "Skakthing Reykjavikur"]
[Site "Reykjavik"]
[Date "2017.01.11"]
[Round "2"]
[White "Gudmarsson, Olafur"]
[Black "Birkisson, Bardur Orn"]
[Result "0-1"]
[WhiteElo "1739"]
[BlackElo "2175"]
[PlyCount "66"]
[EventDate "2017.01.08"]
[EventType "swiss"]
[EventRounds "9"]
[EventCountry "ISL"]

1. d4 g6 2. Bf4 Bg7 3. Nf3 b6 4. e3 Bb7 5. Nbd2 d6 6. Be2 Nd7 7. O-O e6 8. c4
Ne7 9. Rc1 e5 10. Bg3 Nf5 11. b4 exd4 12. exd4 Nxd4 13. Nxd4 Bxd4 14. Nb3 Bg7
15. Bf3 Bxf3 16. Re1+ Ne5 17. Qxf3 O-O 18. Bxe5 Bxe5 19. Rcd1 Qf6 20. Qxf6 Bxf6
21. Re4 h5 22. c5 dxc5 23. bxc5 Rad8 24. Rc1 Rfe8 25. Rec4 Re2 26. cxb6 cxb6
27. Ra4 a5 28. g3 Rd6 29. Rc8+ Kg7 30. Nc1 Rb2 31. Ra3 Rb1 32. Kg2 Bb2 33. Rd3
Rxc1 0-1

[Event "Skakthing Reykjavikur"]
[Site "?"]
[Date "2017.01.11"]
[Round "2"]
[White "Fridjonsson, Julius"]
[Black "Gardarsson, Halldor"]
[Result "1/2-1/2"]
[WhiteElo "2145"]
[BlackElo "1783"]
[PlyCount "99"]

1. c4 c5 2. Nc3 Nf6 3. g3 d6 4. Bg2 Nc6 5. a3 g6 6. Rb1 Bg7 7. b4 O-O 8. d3 Ng4
9. Bd2 Bd7 10. bxc5 dxc5 11. Rxb7 Rb8 12. Rxb8 Qxb8 13. h3 Nf6 14. Nf3 Nd4 15.
Nxd4 cxd4 16. Nd5 Re8 17. O-O e5 18. Nxf6+ Bxf6 19. Qc2 Qc8 20. Kh2 Bc6 21. Rb1
h5 22. Bxc6 Qxc6 23. f3 h4 24. Be1 hxg3+ 25. Bxg3 Kg7 26. Kg2 Bg5 27. Qb3 Bf4
28. Qb5 Qc8 29. Qd5 Bxg3 30. Kxg3 Qf5 31. Qe4 Qg5+ 32. Kf2 Re7 33. Rg1 Qd2 34.
Rg2 f5 35. Qh4 Rb7 36. Qg5 Qxg5 37. Rxg5 Rb3 38. Rg1 Rxa3 39. Rb1 Ra6 40. Rb5
Kf6 41. Rd5 f4 42. h4 Ke6 43. Rd8 Ra2 44. Re8+ Kf6 45. Rc8 a5 46. Rc6+ Kf7 47.
Ra6 Ra3 48. Ra7+ Ke6 49. Ra6+ Kf7 50. Ra7+ 1/2-1/2

[Event "Skakthing Reykjavikur"]
[Site "?"]
[Date "2017.01.11"]
[Round "2"]
[White "Kristbergsson, Bjorgvin"]
[Black "Ingvason, Johann"]
[Result "0-1"]
[WhiteElo "1071"]
[BlackElo "2124"]
[PlyCount "48"]

1. c3 g6 2. d3 Bg7 3. g3 Nf6 4. h3 d6 5. Bg2 Nc6 6. Be3 O-O 7. Nd2 e5 8. Qc2
Be6 9. Qc1 Nd5 10. Nb3 Nxe3 11. Qxe3 f5 12. Qc1 a5 13. a4 Bxb3 14. Bxc6 bxc6
15. c4 e4 16. Ra3 Rb8 17. Qd2 Qf6 18. Qc3 Qg5 19. Qd2 f4 20. h4 Qc5 21. gxf4
exd3 22. e3 Bxc4 23. Nf3 Rxb2 24. Qc1 Qb4+ 0-1

[Event "Skakthing Reykjavikur"]
[Site "?"]
[Date "2017.01.11"]
[Round "2"]
[White "Thorsteinsson, Hilmar"]
[Black "Ragnarsson, Heimir Pall"]
[Result "1-0"]
[WhiteElo "1840"]
[BlackElo "1695"]
[PlyCount "71"]

1. d4 Nf6 2. c4 c5 3. d5 b5 4. cxb5 a6 5. bxa6 Bxa6 6. Nc3 g6 7. Nf3 d6 8. g3
Bg7 9. e4 Bxf1 10. Kxf1 Nbd7 11. Kg2 O-O 12. a4 Qa5 13. Bd2 Qb4 14. Qc2 c4 15.
Rhb1 Nc5 16. Nd4 Nd3 17. Ncb5 Qc5 18. b4 Qc8 19. Nc6 Qg4 20. f3 Qd7 21. Na3
Nxe4 22. Nxc4 Nxd2 23. Qxd2 Bxa1 24. Qxd3 Bf6 25. Nb6 Qb7 26. Nxa8 Rxa8 27. a5
e6 28. b5 exd5 29. Qxd5 Rxa5 30. Qxd6 Ra2+ 31. Kh3 Qc8+ 32. g4 Bg5 33. b6 h5
34. b7 hxg4+ 35. fxg4 Ra3+ 36. Qxa3 1-0

[Event "Skakthing Reykjavikur"]
[Site "?"]
[Date "2017.01.11"]
[Round "2"]
[White "Lemery, Jon Thor"]
[Black "Heidarsson, Arnar"]
[Result "1/2-1/2"]
[WhiteElo "1736"]
[BlackElo "1376"]
[PlyCount "109"]

1. e4 e5 2. Nf3 Nc6 3. Bb5 Nf6 4. O-O a6 5. Ba4 b5 6. Bb3 Be7 7. Re1 O-O 8. c3
d6 9. h3 Na5 10. Bc2 h6 11. d4 Nc6 12. Nbd2 Re8 13. Nf1 exd4 14. cxd4 Bb7 15.
Ng3 Nb8 16. a4 c5 17. d5 b4 18. a5 Nbd7 19. Bf4 Bf8 20. Ba4 Qc7 21. Qc2 g6 22.
Nd4 Rac8 23. Nc6 Bxc6 24. Bxc6 Re7 25. Qc4 Nb8 26. Ba4 Nfd7 27. Nf1 Bg7 28. Ra2
Ne5 29. Bxe5 Bxe5 30. Nh2 Qb7 31. Ng4 Bg7 32. f4 Nd7 33. Bc6 Qa7 34. Bxd7 Rxd7
35. e5 dxe5 36. Nxe5 Rd6 37. Nc6 Rcxc6 38. dxc6 b3 39. c7 Qxc7 40. Qxb3 c4 41.
Qc2 Qc5+ 42. Kh1 Qd4 43. b3 c3 44. Re4 Qd1+ 45. Kh2 Qxc2 46. Rxc2 Rd2 47. Re8+
Kh7 48. Re2 Rd5 49. Re3 Rxa5 50. Rexc3 Bxc3 51. Rxc3 Rb5 52. Kg3 Kg7 53. Kg4 a5
54. Re3 Rb4 55. Kf3 1/2-1/2

[Event "Skakthing Reykjavikur"]
[Site "Reykjavik"]
[Date "2017.01.11"]
[Round "2"]
[White "Magnusson, Thorsteinn"]
[Black "Hjaltason, Elvar Orn"]
[Result "1/2-1/2"]
[WhiteElo "1383"]
[BlackElo "1709"]
[PlyCount "81"]
[EventDate "2017.01.08"]
[EventType "swiss"]
[EventRounds "9"]
[EventCountry "ISL"]

1. d4 Nf6 2. Bf4 e6 3. e3 c5 4. c3 Nc6 5. Nd2 d5 6. Bd3 Bd6 7. Bxd6 Qxd6 8.
dxc5 Qxc5 9. Ngf3 O-O 10. O-O b6 11. Nb3 Qe7 12. Nbd4 Bb7 13. Qe2 Rac8 14. Rac1
e5 15. Nxc6 Bxc6 16. Ba6 Rc7 17. Rfd1 Nd7 18. c4 dxc4 19. Rxc4 Nc5 20. Rc3 Nxa6
21. Qxa6 Bxf3 22. Rxc7 Qxc7 23. gxf3 Qc2 24. Rf1 Qxb2 25. Qxa7 h6 26. a4 Qe2
27. Qxb6 Qxf3 28. a5 Re8 29. Rb1 Re6 30. Qd8+ Kh7 31. Rb6 Rxb6 32. axb6 h5 33.
h4 Qg4+ 34. Kh2 Qf3 35. Qd3+ f5 36. Qd2 Qg4 37. b7 Qxh4+ 38. Kg1 Qg4+ 39. Kh2
Qh4+ 40. Kg1 Qg4+ 41. Kh2 1/2-1/2

[Event "Skakthing Reykjavikur"]
[Site "Reykjavik"]
[Date "2017.01.11"]
[Round "2"]
[White "Jonatansson, Sigurdur Freyr"]
[Black "Sigurdarson, Sveinn"]
[Result "1-0"]
[WhiteElo "1682"]
[BlackElo "1295"]
[PlyCount "73"]
[EventDate "2017.01.08"]
[EventType "swiss"]
[EventRounds "9"]
[EventCountry "ISL"]

1. e4 e6 2. d4 d5 3. Nc3 Bb4 4. e5 c5 5. Nf3 cxd4 6. Nxd4 Bxc3+ 7. bxc3 Nd7 8.
Bf4 Qa5 9. Nb5 Kf8 10. Qd4 Ne7 11. Bd2 Nf5 12. Qf4 Rg8 13. c4 Qb6 14. cxd5 g5
15. Qb4+ Kg7 16. Qc3 Nc5 17. Be3 Nxe3 18. Qxe3 exd5 19. Nc3 Nd7 20. Qxg5+ Kh8
21. Qd2 Nxe5 22. Nxd5 Qb2 23. Qc3 Qxc3+ 24. Nxc3 Bf5 25. O-O-O Rad8 26. Nd5 Be4
27. Ne3 Rxd1+ 28. Kxd1 Nc6 29. f3 Rd8+ 30. Kc1 Bg6 31. h4 Nb4 32. h5 Bxc2 33.
a3 Na2+ 34. Kxc2 Rc8+ 35. Kb2 Nc1 36. Bc4 f6 37. Rxc1 1-0

[Event "Skakthing Reykjavikur"]
[Site "?"]
[Date "2017.01.11"]
[Round "2"]
[White "Thrastarson, Tryggvi K"]
[Black "Einarsson, Oskar Long"]
[Result "0-1"]
[WhiteElo "1353"]
[BlackElo "1671"]
[PlyCount "76"]

1. e4 c5 2. Nf3 d6 3. d4 Nf6 4. Nc3 cxd4 5. Nxd4 a6 6. Be2 e6 7. O-O Be7 8. b3
O-O 9. Bb2 Qc7 10. Bd3 b5 11. a3 Bb7 12. Qd2 Nbd7 13. Rae1 Nc5 14. h3 Nxd3 15.
cxd3 Rac8 16. Rc1 Qd7 17. b4 Rc7 18. Nce2 Rfc8 19. Rxc7 Rxc7 20. Rc1 h6 21. Rc3
Nh7 22. Qc2 Rxc3 23. Nxc3 Bf6 24. Nce2 d5 25. f3 Nf8 26. Ng3 Qd6 27. Nge2 Qb6
28. Kh1 Ng6 29. g3 Ne7 30. Kg2 g6 31. Nb3 Bxb2 32. Qxb2 dxe4 33. dxe4 f5 34.
exf5 Qe3 35. Ng1 Nxf5 36. Nc5 Bd5 37. Nxa6 Qe1 38. Qf2 Ne3+ 0-1

[Event "Skakthing Reykjavikur"]
[Site "Reykjavik"]
[Date "2017.01.11"]
[Round "2"]
[White "Vignisson, Ingvar Egill"]
[Black "Petursson, Armann"]
[Result "1-0"]
[WhiteElo "1652"]
[BlackElo "1256"]
[PlyCount "120"]
[EventDate "2017.01.08"]
[EventType "swiss"]
[EventRounds "9"]
[EventCountry "ISL"]

1. e4 c5 2. Nf3 d6 3. d4 cxd4 4. Nxd4 Nf6 5. Nc3 a6 6. Be2 e6 7. O-O Be7 8. a4
O-O 9. Be3 e5 10. Nb3 Be6 11. f4 Nc6 12. f5 Bxb3 13. cxb3 Nb4 14. Bc4 a5 15. h3
Kh8 16. Qd2 Nxe4 17. Nxe4 d5 18. Bd3 dxe4 19. Bxe4 Qxd2 20. Bxd2 Bc5+ 21. Kh1
Rad8 22. Bc3 b6 23. f6 g6 24. Rad1 Bd4 25. Kh2 Nd5 26. Bxd5 Rxd5 27. Bxd4 Rxd4
28. Rxd4 exd4 29. Kg3 h5 30. Kf4 Re8 31. Rd1 Kh7 32. Rxd4 Re6 33. b4 Rxf6+ 34.
Ke3 Rc6 35. b5 Rc2 36. Rd2 Rc4 37. b3 Rb4 38. Rd3 f5 39. Kd2 g5 40. Kc3 Re4 41.
Rd7+ Kg8 42. Rd6 Kf7 43. Rxb6 Re6 44. Rxe6 Kxe6 45. Kd4 Kd6 46. b6 Kc6 47. b7
Kxb7 48. Ke5 f4 49. Kf5 Kc6 50. Kxg5 h4 51. Kxh4 Kc5 52. Kg5 Kb4 53. h4 Kxb3
54. h5 Kxa4 55. h6 Kb3 56. h7 a4 57. h8=Q a3 58. Kxf4 a2 59. Qa1 Ka3 60. g4 Kb3
1-0

[Event "Skakthing Reykjavikur"]
[Site "?"]
[Date "2017.01.11"]
[Round "2"]
[White "Sveinsson, Gudmundur"]
[Black "Hannesson, Sigurdur Orn"]
[Result "1/2-1/2"]
[WhiteElo "1267"]
[BlackElo "1632"]
[PlyCount "109"]

1. e4 e5 2. Nf3 Nf6 3. Nc3 d6 4. h3 Nc6 5. Bc4 Be7 6. d3 O-O 7. O-O Na5 8. Bb3
Nxb3 9. axb3 a6 10. Be3 Bd7 11. Re1 Re8 12. Ne2 c6 13. Ng3 g6 14. Bh6 Bf8 15.
Qd2 Qe7 16. Qg5 Bxh6 17. Qxh6 Qf8 18. Qxf8+ Rxf8 19. Nd2 Be6 20. Nc4 Bxc4 21.
bxc4 Nd7 22. b4 f6 23. c3 Rfd8 24. Ne2 Nf8 25. Nc1 Ne6 26. g3 Rf8 27. Nb3 Kg7
28. Na5 Rab8 29. Rab1 f5 30. exf5 gxf5 31. f4 Kf6 32. fxe5+ dxe5 33. c5 Nc7 34.
Nc4 Rfe8 35. Nd6 Re6 36. Rf1 Rxd6 37. cxd6 Nb5 38. c4 Nxd6 39. Rf2 Kg6 40. c5
Nb5 41. Re1 Re8 42. Kg2 Nd4 43. g4 fxg4 44. hxg4 h6 45. Rf4 Nc2 46. Re2 exf4
47. Rxe8 Nxb4 48. Rd8 Kg5 49. Kf3 a5 50. Rg8+ Kf6 51. Ke4 Nd5 52. Ra8 a4 53.
Ra7 Kg5 54. Kf3 Nb4 55. d4 1/2-1/2

[Event "Skakthing Reykjavikur"]
[Site "Reykjavik"]
[Date "2017.01.11"]
[Round "2"]
[White "Briem, Hedinn"]
[Black "Olafsson, Arni"]
[Result "1-0"]
[WhiteElo "1576"]
[BlackElo "1224"]
[PlyCount "41"]
[EventDate "2017.01.08"]
[EventType "swiss"]
[EventRounds "9"]
[EventCountry "ISL"]

1. d4 d5 2. Bg5 c6 3. Nf3 Nd7 4. e3 Ngf6 5. Bd3 e6 6. Nbd2 Bd6 7. O-O O-O 8. e4
dxe4 9. Nxe4 Be7 10. c4 h6 11. Nxf6+ Nxf6 12. Bh4 Bd6 13. Rc1 Be7 14. Ne5 Nd7
15. Bxe7 Qxe7 16. f4 Nxe5 17. fxe5 b6 18. Qg4 Bb7 19. Rf6 Kh8 20. Qh5 Qd7 21.
Rxh6+ 1-0

[Event "Skakthing Reykjavikur"]
[Site "Reykjavik"]
[Date "2017.01.11"]
[Round "2"]
[White "Baldursson, Atli Mar"]
[Black "Kristjansson, Halldor"]
[Result "0-1"]
[WhiteElo "1226"]
[BlackElo "1560"]
[PlyCount "52"]
[EventDate "2017.01.08"]
[EventType "swiss"]
[EventRounds "9"]
[EventCountry "ISL"]

1. e4 c5 2. Nc3 d6 3. g3 Nc6 4. Bg2 Nf6 5. d3 Bg4 6. f3 Bd7 7. Be3 g6 8. Qd2
Bg7 9. Nh3 Bxh3 10. Bxh3 d5 11. Bxc5 dxe4 12. fxe4 Nd4 13. O-O O-O 14. Ne2 Nxe4
15. Qe3 Nxc5 16. c3 Nxe2+ 17. Qxe2 Qxd3 18. Qxe7 b6 19. Rae1 Qd8 20. Qe2 Re8
21. Qf3 Qc7 22. Bg4 Rad8 23. Re2 Rxe2 24. Qxe2 Qe5 25. Qf2 f5 26. Re1 Nd3 0-1

[Event "Skakthing Reykjavikur"]
[Site "?"]
[Date "2017.01.11"]
[Round "2"]
[White "Jonsson, Hordur"]
[Black "Karlsson, Isak Orri"]
[Result "0-1"]
[WhiteElo "1528"]
[BlackElo "1200"]
[PlyCount "66"]

1. d4 Nf6 2. Bf4 g6 3. Nf3 Bg7 4. e3 d6 5. h3 O-O 6. Nbd2 Nbd7 7. Be2 Re8 8.
Bh2 c5 9. c3 b6 10. e4 cxd4 11. cxd4 e5 12. O-O Bb7 13. Bd3 exd4 14. Bxd6 Nxe4
15. Nb3 Nxd6 16. Nbxd4 Bxd4 17. Nxd4 Ne5 18. Be2 Qg5 19. Nf3 Nxf3+ 20. Bxf3
Bxf3 21. Qxf3 Rad8 22. Qa3 Qa5 23. Qf3 Nc4 24. Qf6 Qe5 25. Qc6 Rc8 26. Qa4 Qa5
27. Qd7 Nxb2 28. Rab1 Nc4 29. Rfc1 Rcd8 30. Qc7 Nd2 31. Ra1 Qa6 32. Re1 Qa4 33.
a3 Nf3+ 0-1

[Event "Skakthing Reykjavikur"]
[Site "?"]
[Date "2017.01.11"]
[Round "2"]
[White "Kristofersson, Sindri Snaer"]
[Black "Arnarsson, Smari"]
[Result "0-1"]
[WhiteElo "1207"]
[BlackElo "1501"]
[PlyCount "93"]

1. d4 Nf6 2. c4 e6 3. Nf3 d5 4. Bf4 Be7 5. e3 O-O 6. Bd3 dxc4 7. Bxc4 c5 8. O-O
cxd4 9. Qxd4 Nc6 10. Qxd8 Rxd8 11. Nc3 a6 12. a4 Nd5 13. Nxd5 exd5 14. Bb3 Be6
15. Rad1 Rac8 16. Rfe1 Na5 17. Ba2 Rc2 18. Bb1 Rc4 19. Rd4 Nc6 20. Rxc4 dxc4
21. Be4 Bd5 22. Bxd5 Rxd5 23. Rc1 Bf6 24. h3 b5 25. e4 Rd7 26. e5 Bd8 27. axb5
axb5 28. Kf1 Nb4 29. Ne1 Kf8 30. Ke2 Rd4 31. Be3 Rd5 32. f4 Ke7 33. Rd1 Ke6 34.
Rxd5 Kxd5 35. Kf3 f6 36. exf6 Bxf6 37. Bc1 Na2 38. Be3 Bxb2 39. Nc2 b4 40. Ke2
b3 41. Ne1 Bd4 42. Bxd4 Kxd4 43. Kd2 c3+ 44. Kd1 Ke3 45. g3 c2+ 46. Nxc2+ bxc2+
47. Kxc2 0-1

[Event "Skakthing Reykjavikur"]
[Site "?"]
[Date "2017.01.11"]
[Round "2"]
[White "Sigurvaldason, Hjalmar Hrafn"]
[Black "Thorisson, Benedikt"]
[Result "1/2-1/2"]
[WhiteElo "1464"]
[BlackElo "1061"]
[PlyCount "61"]

1. d4 d5 2. Bf4 Nf6 3. Nf3 e6 4. e3 c5 5. c3 Nbd7 6. Bd3 b6 7. Nbd2 Bb7 8. h3
Be7 9. b3 O-O 10. O-O Rc8 11. Ne5 cxd4 12. cxd4 Rc3 13. Qe2 Qc8 14. Rad1 Ne4
15. Nxe4 dxe4 16. Bb1 Ba6 17. Nc4 Rxc4 18. bxc4 Bxc4 19. Qg4 Nf6 20. Qg3 Nh5
21. Qh2 Bxf1 22. Rxf1 Qc4 23. Bxe4 Qxa2 24. Bb8 Rc8 25. Bb7 Rc3 26. Qe5 Qa5 27.
d5 Nf6 28. Bxa7 Qxa7 29. Qxc3 Qxb7 30. dxe6 fxe6 31. Rb1 1/2-1/2

[Event "Skakthing Reykjavik"]
[Site "?"]
[Date "2017.01.11"]
[Round "2"]
[White "Thorisson, Bjartur"]
[Black "Briem, Benedikt"]
[Result "0-1"]
[WhiteElo "1010"]
[BlackElo "1417"]
[PlyCount "60"]

1. e4 b6 2. d4 Bb7 3. Nc3 e6 4. Bf4 Bb4 5. a3 Bxc3+ 6. bxc3 Bxe4 7. f3 Bb7 8.
Bd3 Nf6 9. Ne2 d5 10. O-O Nbd7 11. Qd2 c5 12. Bb5 a6 13. Bxd7+ Qxd7 14. Rab1
Qc6 15. Be5 b5 16. dxc5 Qxc5+ 17. Bd4 Qc6 18. Bxf6 gxf6 19. Nd4 Qc5 20. Kh1
O-O-O 21. Rb4 e5 22. f4 exd4 23. cxd4 Qd6 24. Rfb1 Rde8 25. Qc3+ Kd7 26. h4
Rhg8 27. a4 Qxf4 28. axb5 Re3 29. Qc5 Qg3 30. Kg1 Qxg2# 0-1